| 000 | 00528cam a22002294a 4500 | ||
|---|---|---|---|
| 005 | 20250605164202.0 | ||
| 008 | 250528s ||||||||||||||||||||||||d | ||
| 035 | _a19761 | ||
| 020 | _a70223106 | ||
| 040 |
_aGR-AtMCL _bgre _dGR-AtMCL _eAACR2 |
||
| 245 | 1 | _aMECHANICAL DRAWING | |
| 250 | _a8 | ||
| 260 |
_bMcgraw Hill, _c1974 |
||
| 300 | _a568 | ||
| 700 | 1 |
_aFrench Thomas _92315 |
|
| 700 | 1 |
_aHelsel _95955 |
|
| 700 | 1 |
_aSvensen _95956 |
|
| 700 | 1 |
_aUrbanick _95957 |
|
| 942 | _cBK | ||
| 999 |
_c5017 _d5017 |
||